00581nam a2200157Ia 4500100001100000942000700011654003900018245005600057260006100113082001900174300000700193546001200200999001700212952009700229952009700326 aAICTE  cBK aDesign manufacture of foriegn dyes aDesign & Manufacture of Foriegn Dyes C-NO: 227 bContinuing Education Programmer AICTEaBangalorec1992 a671.332bAICTE a73 aENGLISH c26628d26628 001040708CRCaCRCEbCRCEd2023-03-17l0o671.332 AICTEp12009r2023-03-17w2023-03-17yBK 001040708CRCaCRCEbCRCEd2023-03-17l0o671.332 AICTEp12010r2023-03-17w2023-03-17yBK